000 01966nam1a2200361 4500
001 RU\NLR\BIBL_A\022735251
005 20260409001626.0
035 _a(NLR Aleph) 022735251
090 _a13647347
_c13647347
100 _a20260409 rusy50
101 0 _arus
102 _aRU
105 _aa j 000yy
181 0 _ai3
_baxxe
182 0 _an
200 1 _aРусский язык: первые шаги
_eучебное пособие
_eдля иностранцев, начинающих изучать русский язык по программе Первого сертифицированного уровня коммуникативной компетенции иностранных граждан
_eв 3 ч.
_fЛ. Г. Беликова, Т. А. Шутова, И. Н. Ерофеева
203 _aТекст
_bвизуальный
_cнепосредственный
205 _a9-е изд.
210 _aСанкт-Петербург
_cЗлатоуст
_d2025-
215 _d29
300 _aНа 4-й с. обл. авт.: Беликова Л. Г. - канд. пед. наук, доц., Шутова Т. А. - канд. филол. наук, доц., Ерофеева И. Н. - канд. пед. наук, доц.
333 _a12+
606 1 _aРусский язык
_jУчебные издания для иностранцев
_91533567
_3RU\NLR\auth\66969347
686 1 _aШ141.12-93
686 1 _aШ141.12-942
700 1 _aБеликова
_bЛ. Г.
_cканд. пед. наук
_gЛюбовь Григорьевна
_9203056
_3RU\NLR\AUTH\770203107
701 1 _aШутова
_bТ. А.
_gТатьяна Альбертовна
701 1 _aЕрофеева
_bИ. Н.
_cканд. пед. наук
_gИнна Николаевна
_9203734
_3RU\NLR\AUTH\770203785
852 _aNLR
_b2026-8/555
942 _cBOOK
980 _aNB